000 00620nam a2200181 i 4500
001 151697
003 ES-MaACL
005 20230906204334.0
008 931025s1861 fr |||| | fre d
100 1 _aBarrot, Camille Hyacinthe Odilon (
_d1791-1873)
_9125837
245 1 0 _aDe la centralisation et de ses effects /
_cpar Odilon Barrot.
260 _aParis :
_bH. Dumineray,
_c1861 (
_eSaint Germain-en-Laye :
_fImp. de Beau)
300 _aVIII, 248 p. ;
_c17 cm.
490 1 _aEtudes contemporaines
830 0 _aEtudes contemporaines
_9221257
852 _aES-MaACL
_jG-10044
_z-- Enc. hol.
999 _c151697
_d151697